书目信息 |
| 题名: |
文字设计
|
|
| 作者: | 魏雄辉 主编 | |
| 分册: | ||
| 出版信息: | 厦门 厦门大学出版社 2021 |
|
| 页数: | 133页 | |
| 开本: | 29cm | |
| 丛书名: | ||
| 单 册: | ||
| 中图分类: | J292.13 , J293 | |
| 科图分类: | ||
| 主题词: | 美术字--字体--设计 | |
| 电子资源: | ||
| ISBN: | 978-7-5615-8364-7 | |
| 000 | 00904nam0 2200229 450 | |
| 001 | 2276718707 | |
| 005 | 20220930211848.87 | |
| 010 | @a978-7-5615-8364-7@dCNY58.00 | |
| 100 | @a20220224d2021 em y0chiy50 ea | |
| 101 | 0 | @achi |
| 102 | @aCN@b350000 | |
| 105 | @aa z 000yy | |
| 200 | 1 | @a文字设计@9wen zi she ji@f魏雄辉主编 |
| 210 | @a厦门@c厦门大学出版社@d2021 | |
| 215 | @a133页@c图@d29cm | |
| 330 | @a本书从概述、印刷字体与实践、创意字体设计、POP手绘字体与实践、文字海报设计等五章展开叙述。通过本书的学习,促使学生结合和运用前期学习过的构成原理和图案装饰设计的基础知识,做好字体设计和运用文字元素进行创造性的设计应用,宣扬中国传统文化,并利用现代设计手段( 计算机辅助设计、摄影技术等)来实现和丰富创意方法。 | |
| 606 | 0 | @a美术字@x字体@x设计 |
| 690 | @aJ292.13@v5 | |
| 690 | @aJ293@v5 | |
| 701 | 0 | @a魏雄辉@9wei xiong hui@4主编 |
| 801 | 0 | @aCN@b91MARC@c20220228 |
| 905 | @aZUCC@dJ292.13@e131 | |
| 文字设计/魏雄辉主编.-厦门:厦门大学出版社,2021 |
| 133页:图;29cm |
| ISBN 978-7-5615-8364-7:CNY58.00 |
| 本书从概述、印刷字体与实践、创意字体设计、POP手绘字体与实践、文字海报设计等五章展开叙述。通过本书的学习,促使学生结合和运用前期学习过的构成原理和图案装饰设计的基础知识,做好字体设计和运用文字元素进行创造性的设计应用,宣扬中国传统文化,并利用现代设计手段( 计算机辅助设计、摄影技术等)来实现和丰富创意方法。 |
| ● |
| 相关链接 |
|
|
|
正题名:文字设计
索取号:J292.13/131
 
预约/预借
| 序号 | 登录号 | 条形码 | 馆藏地/架位号 | 状态 | 备注 |
| 1 | 2000909686 | 2000909686 | 第三书库/ [索取号:J292.13/131] | 在馆 | |
| 2 | 2000909687 | 2000909687 | 第三书库/ [索取号:J292.13/131] | 在馆 | |
| 3 | 2000909688 | 2000909688 | 第三书库/ [索取号:J292.13/131] | 在馆 |